Statistics for Most Used Commercial Airliners

Click here to take the quiz!

General Stats

  • This quiz has been taken 501 times
  • The average score is 9 of 10

Answer Stats

RankManufacturerAnswer% Correct
3Boeing737
99%
1Boeing747
99%
6Boeing767
96%
4Boeing787
96%
5Boeing757
95%
2Boeing777
94%
7Boeing727
93%
8AirbusA320
88%
10AirbusA380
83%
9Boeing707
79%

Score Distribution

Percentile by Number Answered

Percent of People with Each Score

Your Score History

You have not taken this quiz